000 00512nam a22001937a 4500
003 CEME
005 20210628202643.0
008 210210b xxu||||| |||| 00| 0 eng d
020 _a981-235-924-9
040 _c.
082 _a005.133-C++ MEY
100 _aMeyers, Scott
_960935
245 _aEffective c plus plus 50 specific ways to improve your programs and designs
250 _a2ND
260 _aINDIA
_bADDISON WESLEY
_c1999
300 _aXX,256P
650 _aC PLUS PLUS
_956814
942 _cBK
_2ddc
999 _c570531
_d570531